Normal view MARC view

Entry Personal Name

Number of records used in: 1

001 - CONTROL NUMBER

  • control field: 28743

003 - CONTROL NUMBER IDENTIFIER

  • control field: OSt

005 - DATE AND TIME OF LATEST TRANSACTION

  • control field: 20230802153018.0

008 - FIXED-LENGTH DATA ELEMENTS

  • fixed length control field: 230802|| aca||aabn | a|a d

040 ## - CATALOGING SOURCE

  • Original cataloging agency: OSt
  • Transcribing agency: OSt

100 ## - HEADING--PERSONAL NAME

  • Personal name: Kapoor, Reena

670 ## - SOURCE DATA FOUND

  • Source citation: Work cat.: (OSt): Lovely Professional University (Phagwara) 28742, Foundations of library and information science :, [20--]

Library - 09407999929
Admin Office - 09407999979
Dean Office - 09250910768
Registrar Office - 09892297154
Email - [email protected]
Shan State Buddhist University, Phaya Phyu Taunggyi, Shan State, Myanmar.